[Event "NED-ch U16 op"]
[Site "Borne"]
[Date "2013.08.06"]
[Round "2"]
[White "Waardenburg, Lisanne"]
[Black "Joosten, Thijs"]
[Result "0-1"]
[WhiteElo "1580"]
[BlackElo "1210"]
[PlyCount "33"]
[EventDate "2013.08.05"]
[EventType "swiss"]
[EventRounds "9"]
[EventCountry "NED"]
[SourceTitle "EXT 2015"]
[Source "ChessBase"]
[SourceDate "2014.11.20"]
[SourceVersion "1"]
[SourceVersionDate "2014.11.20"]
[SourceQuality "1"]

1. b4 d5 2. Bb2 Nf6 3. d3 Nbd7 4. Nf3 b6 5. Nbd2 e6 6. a3 c5 7. c3 Bd6 8. Qb3 0-0 9. e4 Re8 10. Be2 Bb7 11. Qc2 Qc7 12. 0-0 a6 13. Rac1 Rac8 14. Rfe1 cxb4 15. exd5 Nxd5 16. c4 Nf4 17. Bxg7 0-1